[Event "DVM U20 2016"]
[Site "Borken-Gemen GER"]
[Date "2016.12.29"]
[Round "6"]
[White "Sewald, Kathrin"]
[Black "Mieck, Jale"]
[Result "0-1"]
[Termination "normal"]
[Board "3.6"]
[WhiteElo "1858"]
[BlackElo "1933"]
[WhiteClock "00:08:24"]
[BlackClock "00:43:57"]
[WhiteTeam "SG Porz"]
[BlackTeam "SK Doppelbauer Kiel"]
[PlyCount "77"]
[WhiteFideId "12964557"]
[BlackFideId "12936871"]
[EventCountry "GER"]
[EventRounds "7"]
[EventType "team-swiss"]
[EventDate "2016.12.26"]

1. e4 {[%clk 1:30:59]} c5 {[%clk 1:30:49]} 2. d3 {[%clk 1:31:25]} e6 {[%clk
1:30:38]} 3. g3 {[%clk 1:31:30]} a6 {[%clk 1:30:45]} 4. Bg2 {[%clk 1:31:54]} b5
{[%clk 1:28:58]} 5. f4 {[%clk 1:30:52]} Bb7 {[%clk 1:29:13]} 6. Nf3 {[%clk
1:30:50]} d5 {[%clk 1:27:55]} 7. e5 {[%clk 1:31:07]} h5 {[%clk 1:27:38]} 8. O-O
{[%clk 1:30:53]} Nh6 {[%clk 1:27:34]} 9. h3 {[%clk 1:30:17]} Nf5 {[%clk
1:26:23]} 10. Kh2 {[%clk 1:28:42]} Nc6 {[%clk 1:26:08]} 11. Nc3 {[%clk
1:16:51]} Be7 {[%clk 1:22:05]} 12. Ne2 {[%clk 1:11:22]} d4 {[%clk 1:20:28]} 13.
a3 {[%clk 0:55:39]} Qd7 {[%clk 1:18:01]} 14. Kg1 {[%clk 0:51:09]} f6 {[%clk
1:15:10]} 15. g4 {[%clk 0:45:33]} hxg4 {[%clk 1:12:26]} 16. hxg4 {[%clk
0:45:56]} Nh4 {[%clk 1:12:01]} 17. Nxh4 {[%clk 0:44:58]} Rxh4 {[%clk 1:12:20]}
18. exf6 {[%clk 0:45:05]} gxf6 {[%clk 1:12:28]} 19. Ng3 {[%clk 0:41:59]} O-O-O
{[%clk 1:11:47]} 20. f5 {[%clk 0:32:35]} Rg8 {[%clk 1:09:02]} 21. fxe6 {[%clk
0:31:19]} Qxe6 {[%clk 1:09:13]} 22. Be4 {[%clk 0:30:27]} Rhxg4 {[%clk 1:01:20]}
23. Bf5 {[%clk 0:26:00]} Rxg3+ {[%clk 1:01:44]} 24. Kh2 {[%clk 0:25:56]} Rg2+
{[%clk 0:53:47]} 25. Kh3 {[%clk 0:23:42]} R8g3+ {[%clk 0:53:04]} 26. Kh4 {[%clk
0:23:21]} Qxf5 {[%clk 0:52:51]} 27. Rxf5 {[%clk 0:23:37]} Ne5 {[%clk 0:53:06]}
28. Qh1 {[%clk 0:17:14]} Rg8 {[%clk 0:50:18]} 29. Kh5 {[%clk 0:09:27]} Rh8+
{[%clk 0:44:42]} 30. Bh6 {[%clk 0:09:51]} Nf7 {[%clk 0:43:52]} 31. Qxg2 {[%clk
0:08:56]} Rxh6+ {[%clk 0:44:08]} 32. Kg4 {[%clk 0:09:05]} Bxg2 {[%clk 0:44:32]}
33. Kg3 {[%clk 0:08:51]} Bc6 {[%clk 0:44:25]} 34. Rg1 {[%clk 0:07:46]} Kd7
{[%clk 0:43:39]} 35. Kf2 {[%clk 0:07:39]} Ke6 {[%clk 0:43:05]} 36. Rf4 {[%clk
0:07:58]} Rh2+ {[%clk 0:43:15]} 37. Ke1 {[%clk 0:07:57]} Rxc2 {[%clk 0:43:34]}
38. Kd1 {[%clk 0:08:24]} Rxb2 {[%clk 0:43:57]} 39. Ke1 0-1

[Event "DVM U20 2016"]
[Site "Borken-Gemen GER"]
[Date "2016.12.29"]
[Round "6"]
[White "Flüchter, Gregor"]
[Black "Peng, Xiang-Tobias"]
[Result "1/2-1/2"]
[Termination "normal"]
[Board "4.1"]
[WhiteElo "2168"]
[BlackElo "2144"]
[WhiteTeam "SF Brackel"]
[BlackTeam "Heilbronner SV"]
[PlyCount "61"]
[WhiteFideId "12903396"]
[BlackFideId "12964328"]
[EventCountry "GER"]
[EventRounds "7"]
[EventType "team-swiss"]
[EventDate "2016.12.26"]

1.e4 e5 2.Nf3 Nc6 3.Bb5 Nf6 4.O-O Nxe4 5.Re1 Nd6 6.Nxe5 Be7 7.Bf1 O-O 8.d4 Bf6
9.c3 Nf5 10.Ng4 d5 11.Nxf6+ Qxf6 12.Na3 Nd6 13.Nb5 Nxb5 14.Bxb5 Ne7 15.Bd3 Bf5
16.Rxe7 Bxd3 17.Re5 Bf5 18.Bd2 Rfe8 19.Qe2 Rxe5 20.Qxe5 Qxe5 21.dxe5 Re8 22.f4
f6 23.Re1 Be4 24.exf6 gxf6 25.Kf2 Kf7 26.g4 Re6 27.Be3 a5 28.f5 Re8 29.Bf4 c5
30.Bd6 Rc8 31.c4 1/2-1/2

[Event "DVM U20 2016"]
[Site "Borken-Gemen GER"]
[Date "2016.12.29"]
[Round "6"]
[White "Wenninger, Patrick"]
[Black "Stemmler, Fabian"]
[Result "1-0"]
[Termination "normal"]
[Board "4.2"]
[WhiteElo "1841"]
[BlackElo "2087"]
[WhiteTeam "Heilbronner SV"]
[BlackTeam "SF Brackel"]
[PlyCount "65"]
[WhiteFideId "12927880"]
[BlackFideId "12964808"]
[EventCountry "GER"]
[EventRounds "7"]
[EventType "team-swiss"]
[EventDate "2016.12.26"]

1.d4 e6 2.Nf3 f5 3.c4 Nf6 4.g3 Be7 5.Bg2 O-O 6.O-O d6 7.Nc3 Ne4 8.Qc2 Nxc3
9.Qxc3 a5 10.Bd2 Bf6 11.Qc2 e5 12.dxe5 dxe5 13.Bc3 Nc6 14.Rfd1 Qe7 15.a3 Be6
16.b3 Rfd8 17.Qb2 Bf7 18.Ne1 a4 19.bxa4 Rxa4 20.Qxb7 Nd4 21.Bf1 Bxc4 22.e3 Bxf1
23.Kxf1 Qc5 24.exd4 Qxc3 25.Rac1 Qxa3 26.dxe5 Rad4 27.Rxd4 Rxd4 28.Qc8+ Kf7
29.Rxc7+ Kg6 30.exf6 Rd1 31.Qe8+ Kh6 32.fxg7 Qf3 33.Qe3+ 1-0

[Event "DVM U20 2016"]
[Site "Borken-Gemen GER"]
[Date "2016.12.29"]
[Round "6"]
[White "Elier, Ali"]
[Black "Degenhard, Simon"]
[Result "1/2-1/2"]
[Termination "normal"]
[Board "4.3"]
[WhiteElo "1859"]
[BlackElo "1979"]
[WhiteTeam "SF Brackel"]
[BlackTeam "Heilbronner SV"]
[PlyCount "45"]
[WhiteFideId "16217543"]
[BlackFideId "12944017"]
[EventCountry "GER"]
[EventRounds "7"]
[EventType "team-swiss"]
[EventDate "2016.12.26"]

1.e4 c5 2.d4 cxd4 3.c3 Nf6 4.e5 Nd5 5.Nf3 d6 6.exd6 e6 7.Bc4 dxc3 8.Bxd5 exd5
9.Nxc3 Bxd6 10.Qxd5 Qe7+ 11.Be3 Be6 12.Qe4 Nc6 13.O-O h6 14.Nd4 Nxd4 15.Bxd4
O-O 16.Rac1 a6 17.Rfd1 Rfd8 18.Rc2 Rac8 19.Rcd2 Bb8 20.Bc5 Qc7 21. Rxd8+ Rxd8
22.Rxd8+ Qxd8 23.Qxb7 1/2-1/2

[Event "DVM U20 2016"]
[Site "Borken-Gemen GER"]
[Date "2016.12.29"]
[Round "6"]
[White "Mikeler, Marcel"]
[Black "Wastian, Jan"]
[Result "1/2-1/2"]
[Termination "normal"]
[Board "4.4"]
[WhiteElo "1833"]
[BlackElo "1960"]
[WhiteTeam "Heilbronner SV"]
[BlackTeam "SF Brackel"]
[PlyCount "71"]
[WhiteFideId "12927856"]
[BlackFideId "12911640"]
[EventCountry "GER"]
[EventRounds "7"]
[EventType "team-swiss"]
[EventDate "2016.12.26"]

1.d4 d5 2.c4 c6 3.cxd5 cxd5 4.Nc3 Nc6 5.Bf4 Nf6 6.e3 a6 7.Bd3 Bg4 8.Nge2 e6
9.a3 Bd6 10.Bg3 Bh5 11.O-O O-O 12.b4 Bg6 13.Nf4 Bxd3 14.Nxd3 Bxg3 15. hxg3 Nb8
16.b5 axb5 17.Qb3 Nc6 18.Rfb1 Qe7 19.Nxb5 Na5 20.Qb4 Qxb4 21.Rxb4 Nc4 22.a4 b6
23.Nb2 Nxb2 24.Rxb2 Rfc8 25.f3 g6 26.Ra3 Rc4 27.Nc3 Nd7 28. Kf2 Rac8 29.Rbb3
Kf8 30.Ke2 Ke7 31.Kd3 f5 32.a5 bxa5 33.Rxa5 R4c7 34.Rab5 Nf6 35.Rb7 Nd7 36.Rxc7
1/2-1/2

[Event "DVM U20 2016"]
[Site "Borken-Gemen GER"]
[Date "2016.12.29"]
[Round "6"]
[White "Schäfer, Daniel"]
[Black "Kantor, Nikita"]
[Result "0-1"]
[Termination "normal"]
[Board "4.6"]
[WhiteElo "1454"]
[BlackElo "1916"]
[WhiteTeam "Heilbronner SV"]
[BlackTeam "SF Brackel"]
[PlyCount "90"]
[WhiteFideId "16235088"]
[BlackFideId "12990922"]
[EventCountry "GER"]
[EventRounds "7"]
[EventType "team-swiss"]
[EventDate "2016.12.26"]

1.d4 d5 2.c4 c6 3.Nf3 Nf6 4.Nc3 dxc4 5.e3 b5 6.a4 b4 7.Na2 b3 8.Nc3 Ba6 9. Ne5
Nd5 10.Qf3 Nf6 11.Nxc6 Qc8 12.Na5 Nbd7 13.Nxb3 Bb7 14.Qg3 cxb3 15.Nb5 e5
16.dxe5 Bb4+ 17.Bd2 Bxd2+ 18.Kxd2 Ne4+ 19.Ke1 Nxg3 20.Nd6+ Kf8 21.Nxc8 Nxh1
22.Nd6 Nxf2 23.Kxf2 Bd5 24.Rc1 Be6 25.Nb5 Ke7 26.g3 a6 27.Nc7 Rhc8 28.Rc3 Nxe5
29.Bg2 Rab8 30.Bd5 Kd6 31.e4 Rxc7 32.Rxc7 Kxc7 33.Ke2 Bxd5 34. exd5 Nc4 35.a5
Nxb2 36.h4 Na4 37.h5 b2 38.h6 gxh6 39.g4 b1=Q 40.d6+ Kd7 41.g5 Qe4+ 42.Kf1 Qd3+
43.Ke1 Rb1+ 44.Kf2 Rb2+ 45.Ke1 Qe2# 0-1

[Event "DVM U20 2016"]
[Site "Borken-Gemen GER"]
[Date "2016.12.29"]
[Round "6"]
[White "Stricker, Florian"]
[Black "Kololli, Kevin"]
[Result "1/2-1/2"]
[Termination "normal"]
[Board "5.1"]
[WhiteElo "2115"]
[BlackElo "2217"]
[WhiteTeam "SG Bochum"]
[BlackTeam "Lübecker SV"]
[PlyCount "44"]
[WhiteFideId "12976385"]
[BlackFideId "12936863"]
[EventCountry "GER"]
[EventRounds "7"]
[EventType "team-swiss"]
[EventDate "2016.12.26"]

1.d4 Nf6 2.Nf3 g6 3.g3 Bg7 4.Bg2 O-O 5.O-O d6 6.c4 Nbd7 7.Nc3 e5 8.dxe5 dxe5
9.e4 c6 10.Qc2 Qc7 11.b3 Rd8 12.Bb2 Nc5 13.Rfd1 Bg4 14.h3 Bxf3 15. Bxf3 Ne6
16.Ne2 a5 17.a3 c5 18.Rxd8+ Rxd8 19.Rd1 Nd4 20.Bxd4 exd4 21.Bg2 Bh6 22.Qd3 Nd7
1/2-1/2

[Event "DVM U20 2016"]
[Site "Borken-Gemen GER"]
[Date "2016.12.29"]
[Round "6"]
[White "Kololli, Martin"]
[Black "Rempe, Moritz"]
[Result "1-0"]
[Termination "normal"]
[Board "5.2"]
[WhiteElo "2231"]
[BlackElo "2105"]
[WhiteTeam "Lübecker SV"]
[BlackTeam "SG Bochum"]
[PlyCount "87"]
[WhiteFideId "12936910"]
[BlackFideId "12906867"]
[EventCountry "GER"]
[EventRounds "7"]
[EventType "team-swiss"]
[EventDate "2016.12.26"]

1.e4 e6 2.d4 d5 3.Nd2 Nf6 4.Bd3 c5 5.c3 Nc6 6.Ngf3 cxd4 7.cxd4 dxe4 8.Nxe4 Be7
9.Nc3 O-O 10.O-O b6 11.a3 Bb7 12.Re1 Rc8 13.Bc2 Qd7 14.Qd3 g6 15.Bh6 Rfd8
16.Rad1 Qe8 17.Bb3 Na5 18.Ba2 Bd5 19.Nxd5 Nxd5 20.Ne5 Bf8 21.Bg5 Be7 22.Bh6 Bf8
23.Bc1 b5 24.Bd2 Nc6 25.Bg5 Be7 26.Nxc6 Rxc6 27.Bxe7 Nxe7 28. Qxb5 Rcd6 29.Qc5
Qd7 30.h3 Nf5 31.d5 exd5 32.Bxd5 Nh4 33.Bxf7+ Kxf7 34. Rxd6 Qxd6 35.Qc4+ Qd5
36.Qxh4 Kg8 37.Re7 Qd1+ 38.Kh2 Qd6+ 39.g3 h6 40.Rxa7 Rf8 41.Qc4+ Kh8 42.Qc3+
Qf6 43.Ra8 Kg7 44.Qxf6+ 1-0

[Event "DVM U20 2016"]
[Site "Borken-Gemen GER"]
[Date "2016.12.29"]
[Round "6"]
[White "Pilat, Fabian"]
[Black "Poghosyan, Tigran"]
[Result "0-1"]
[Termination "normal"]
[Board "5.3"]
[WhiteElo "1931"]
[BlackElo "2063"]
[WhiteTeam "SG Bochum"]
[BlackTeam "Lübecker SV"]
[PlyCount "54"]
[WhiteFideId "24683396"]
[BlackFideId "12909319"]
[EventCountry "GER"]
[EventRounds "7"]
[EventType "team-swiss"]
[EventDate "2016.12.26"]

1.e4 c5 2.Nc3 d6 3.f4 g6 4.Nf3 Bg7 5.Bc4 e6 6.O-O Ne7 7.d3 Nbc6 8.a3 a6 9. Ba2
O-O 10.Qe1 Nd4 11.Nxd4 cxd4 12.Nd1 Nc6 13.Qg3 Kh8 14.Qf3 Qc7 15.Bd2 b5 16.h4
Ne7 17.Rc1 Bb7 18.Qh3 d5 19.e5 f6 20.Bb4 fxe5 21.Qxe6 Rae8 22.Qd6 Qc8 23.Bd2
Nf5 24.Qb4 Ng3 25.Rf3 Ne2+ 26.Kh1 Nxc1 27.Bxc1 Qxc2 0-1

[Event "DVM U20 2016"]
[Site "Borken-Gemen GER"]
[Date "2016.12.29"]
[Round "6"]
[White "Tiedemann, Fin Niklas"]
[Black "Fistoul, Boris"]
[Result "0-1"]
[Termination "normal"]
[Board "5.4"]
[WhiteElo "1911"]
[BlackElo "1865"]
[WhiteTeam "Lübecker SV"]
[BlackTeam "SG Bochum"]
[PlyCount "56"]
[WhiteFideId "12936936"]
[BlackFideId "12953962"]
[EventCountry "GER"]
[EventRounds "7"]
[EventType "team-swiss"]
[EventDate "2016.12.26"]

1.e4 e6 2.d4 b6 3.Bd3 Bb7 4.Nf3 c5 5.c3 Nf6 6.Nbd2 Nc6 7.O-O d5 8.e5 Nd7 9.Re1
Be7 10.Nf1 h6 11.Bb1 Qc7 12.Ng3 O-O-O 13.b3 Rdg8 14.Ba3 h5 15.Bd3 g5 16.Rc1 g4
17.Nd2 h4 18.Ne2 Ndxe5 19.dxe5 Nxe5 20.Nf1 Nf3+ 21.gxf3 gxf3+ 22.Neg3 hxg3
23.fxg3 f2+ 24.Kg2 fxe1=Q 25.Qxe1 Qc6 26.Nd2 Bg5 27.Kg1 Bxd2 28.Qxd2 d4 0-1

[Event "DVM U20 2016"]
[Site "Borken-Gemen GER"]
[Date "2016.12.29"]
[Round "6"]
[White "Wübker, Paul-Luca"]
[Black "Bosselmann, Tom Linus"]
[Result "1/2-1/2"]
[Termination "normal"]
[Board "5.5"]
[WhiteElo "1751"]
[BlackElo "1919"]
[WhiteTeam "SG Bochum"]
[BlackTeam "Lübecker SV"]
[PlyCount "40"]
[WhiteFideId "12939528"]
[BlackFideId "12983845"]
[EventCountry "GER"]
[EventRounds "7"]
[EventType "team-swiss"]
[EventDate "2016.12.26"]

1.d4 Nf6 2.c4 e6 3.Nc3 Bb4 4.Nf3 O-O 5.Bg5 b6 6.e3 Bb7 7.Be2 d5 8.O-O c5 9.cxd5
exd5 10.dxc5 Bxc3 11.bxc3 bxc5 12.Qb3 Ba6 13.Bxa6 Nxa6 14.Rfc1 Nc7 15.Qb7 Qe7
16.Bxf6 gxf6 17.Rab1 Rfc8 18.h3 Qe6 19.Rd1 Kh8 20.Kh1 Kg8 1/2-1/2

[Event "DVM U20 2016"]
[Site "Borken-Gemen GER"]
[Date "2016.12.29"]
[Round "6"]
[White "Rietschel, Tilo"]
[Black "Gluma, Christian"]
[Result "1-0"]
[Termination "normal"]
[Board "5.6"]
[WhiteElo "1856"]
[BlackElo "1502"]
[WhiteTeam "Lübecker SV"]
[BlackTeam "SG Bochum"]
[PlyCount "43"]
[WhiteFideId "16208390"]
[BlackFideId "16223209"]
[EventCountry "GER"]
[EventRounds "7"]
[EventType "team-swiss"]
[EventDate "2016.12.26"]

1.e4 e5 2.Nf3 Nc6 3.Bb5 a6 4.Ba4 Nf6 5.O-O d6 6.Re1 Bd7 7.c3 Ne7 8.Bb3 h6 9.d4
Ng6 10.Nbd2 Be7 11.Nf1 O-O 12.Ng3 Qc8 13.h3 Kh8 14.Be3 Nh7 15.Bc2 f6 16.Nf5 Rf7
17.N3h4 Nxh4 18.Nxh4 Nf8 19.Qh5 Be8 20.Bb3 Ne6 21.Ng6+ Kh7 22. Qf5 1-0

[Event "DVM U20 2016"]
[Site "Borken-Gemen GER"]
[Date "2016.12.29"]
[Round "6"]
[White "Dürr, Florian"]
[Black "Merkel, Toni"]
[Result "1-0"]
[Termination "normal"]
[Board "6.1"]
[WhiteElo "1887"]
[BlackElo "1910"]
[WhiteTeam "SC Erlangen"]
[BlackTeam "SK König Plauen"]
[PlyCount "71"]
[WhiteFideId "24659134"]
[BlackFideId "12902624"]
[EventCountry "GER"]
[EventRounds "7"]
[EventType "team-swiss"]
[EventDate "2016.12.26"]

1.e4 c5 2.Nf3 d6 3.d4 cxd4 4.Nxd4 Nf6 5.Nc3 g6 6.Be3 Bg7 7.f3 O-O 8.Bc4 Nc6
9.Qd2 Bd7 10.Bb3 Rc8 11.O-O-O Ne5 12.h4 h5 13.Bh6 Nc4 14.Bxc4 Rxc4 15. Bxg7
Kxg7 16.g4 Qa5 17.gxh5 Nxh5 18.Rdg1 Qb6 19.Nb3 Rh8 20.Nd5 Qa6 21.Kb1 e6 22.Ne3
Rc7 23.Rd1 Rc6 24.Ng4 e5 25.Nxe5 dxe5 26.Qxd7 Qc4 27.Rc1 Rf6 28. Qxb7 Rc8
29.Rhd1 Nf4 30.Rd2 Rb6 31.Qxa7 Ra6 32.Qe7 Re6 33.Qb7 Ne2 34.Rxe2 Rc7 35.Na5 Qc5
36.Qd5 1-0

[Event "DVM U20 2016"]
[Site "Borken-Gemen GER"]
[Date "2016.12.29"]
[Round "6"]
[White "Fischer, Erik"]
[Black "Tong, Kevin"]
[Result "0-1"]
[Termination "normal"]
[Board "6.2"]
[WhiteElo "1865"]
[BlackElo "2149"]
[WhiteTeam "SK König Plauen"]
[BlackTeam "SC Erlangen"]
[PlyCount "100"]
[WhiteFideId "12956678"]
[BlackFideId "12913944"]
[EventCountry "GER"]
[EventRounds "7"]
[EventType "team-swiss"]
[EventDate "2016.12.26"]

1.e4 e5 2.Nf3 Nc6 3.Bc4 Nf6 4.d3 Be7 5.c3 O-O 6.Nbd2 d6 7.Bb3 Be6 8.Bc2 Re8
9.O-O Bf8 10.d4 exd4 11.Nxd4 Bd7 12.Re1 d5 13.Nxc6 bxc6 14.e5 Ng4 15. h3 Nxe5
16.Bxh7+ Kxh7 17.Qh5+ Kg8 18.Rxe5 Rxe5 19.Qxe5 Bd6 20.Qe2 Qf6 21. Nf1 Re8
22.Be3 c5 23.Qd3 c6 24.Rd1 Bf5 25.Qd2 Qg6 26.Bf4 Bxh3 27.Ng3 Bg4 28.Rc1 Qf6
29.Bxd6 Qxd6 30.Qg5 Bd7 31.Nh5 Qe5 32.Qxe5 Rxe5 33.Ng3 g6 34. Rd1 Bc8 35.f3 Kg7
36.Kf2 Ba6 37.a3 g5 38.b4 cxb4 39.axb4 Bb5 40.Rh1 f6 41. f4 Re8 42.fxg5 fxg5
43.Kf3 Kg6 44.Kf2 a6 45.Kf3 Rf8+ 46.Ke3 Rf4 47.Re1 Rg4 48.Kf2 Rf4+ 49.Ke3 Rc4
50.Rc1 d4+ 0-1

[Event "DVM U20 2016"]
[Site "Borken-Gemen GER"]
[Date "2016.12.29"]
[Round "6"]
[White "Diller, Daniel"]
[Black "Nguyen Dang, Huy Duc"]
[Result "1-0"]
[Termination "normal"]
[Board "6.3"]
[WhiteElo "1982"]
[BlackElo "1803"]
[WhiteTeam "SC Erlangen"]
[BlackTeam "SK König Plauen"]
[PlyCount "59"]
[WhiteFideId "12908983"]
[BlackFideId "12922846"]
[EventCountry "GER"]
[EventRounds "7"]
[EventType "team-swiss"]
[EventDate "2016.12.26"]

1.c4 Nf6 2.g3 g6 3.Bg2 Bg7 4.Nc3 O-O 5.e4 d6 6.Nge2 c5 7.O-O Nc6 8.d3 Ne8 9.Be3
Nc7 10.d4 cxd4 11.Nxd4 Ne6 12.Nde2 Rb8 13.h3 b6 14.b3 Bb7 15.Qd2 Re8 16.Rad1
Qc8 17.Nd5 Nc7 18.Rc1 Qd8 19.f4 Rc8 20.f5 Nxd5 21.exd5 Ne5 22.Nd4 Qd7 23.Kh2 a6
24.a4 Rb8 25.Rf2 Bc8 26.Rcf1 Rf8 27.Bh6 b5 28.fxg6 hxg6 29. Bxg7 Kxg7 30.Ne6+
1-0

[Event "DVM U20 2016"]
[Site "Borken-Gemen GER"]
[Date "2016.12.29"]
[Round "6"]
[White "Karl, Binh"]
[Black "Haas, Maximilian"]
[Result "1/2-1/2"]
[Termination "normal"]
[Board "6.4"]
[WhiteElo "1761"]
[BlackElo "1752"]
[WhiteTeam "SK König Plauen"]
[BlackTeam "SC Erlangen"]
[PlyCount "74"]
[WhiteFideId "12922862"]
[BlackFideId "12959219"]
[EventCountry "GER"]
[EventRounds "7"]
[EventType "team-swiss"]
[EventDate "2016.12.26"]

1.e4 e6 2.d4 d5 3.e5 c5 4.c3 Qb6 5.Nf3 Nc6 6.a3 c4 7.Be2 Na5 8.Nbd2 Bd7 9. O-O
Ne7 10.Rb1 Qc7 11.Ng5 h6 12.Nh3 Nc8 13.f4 g6 14.Kh1 Nb6 15.Qe1 Ba4 16. Bd1 Nb3
17.Nxb3 Bxb3 18.Bxb3 cxb3 19.Nf2 a5 20.Nd1 a4 21.Ne3 O-O-O 22.Qe2 Nc4 23.Nxc4
dxc4 24.Be3 Rd5 25.Rf2 Qc6 26.Kg1 Be7 27.Qd2 Kd7 28.g3 b5 29. Rc1 Qc8 30.Kf1
Qf8 31.Ra1 Qg7 32.Ke2 Bd8 33.Raf1 Re8 34.Qc1 Re7 35.Qd2 Kc6 36.Qc1 Red7 37.Qb1
h5 1/2-1/2

[Event "DVM U20 2016"]
[Site "Borken-Gemen GER"]
[Date "2016.12.29"]
[Round "6"]
[White "Buzatu, Alexander"]
[Black "Helmrich, Daniel"]
[Result "1/2-1/2"]
[Termination "normal"]
[Board "6.5"]
[WhiteElo "1574"]
[BlackElo "1712"]
[WhiteTeam "SC Erlangen"]
[BlackTeam "SK König Plauen"]
[PlyCount "47"]
[WhiteFideId "12983560"]
[BlackFideId "12956767"]
[EventCountry "GER"]
[EventRounds "7"]
[EventType "team-swiss"]
[EventDate "2016.12.26"]

1.e4 c5 2.Nc3 d6 3.f4 Nc6 4.Nf3 g6 5.Bc4 Bg7 6.O-O e6 7.d3 Nge7 8.Qe1 O-O 9.Qh4
Nd4 10.Nxd4 cxd4 11.Ne2 Nc6 12.Qg3 Na5 13.Bb3 Nxb3 14.cxb3 b6 15.Bd2 Ba6 16.f5
e5 17.Rf3 Rc8 18.Qh3 g5 19.f6 Bxf6 20.Qh5 Rc2 21.Rh3 Re8 22. Qxh7+ Kf8 23.Rd1
Ke7 24.Ng3 1/2-1/2

[Event "DVM U20 2016"]
[Site "Borken-Gemen GER"]
[Date "2016.12.29"]
[Round "6"]
[White "Nguyen Dang, Lukas"]
[Black "Grüninger, Maxim"]
[Result "1/2-1/2"]
[Termination "normal"]
[Board "6.6"]
[WhiteElo "1794"]
[BlackElo "1556"]
[WhiteTeam "SK König Plauen"]
[BlackTeam "SC Erlangen"]
[PlyCount "96"]
[WhiteFideId "12957135"]
[BlackFideId "12942960"]
[EventCountry "GER"]
[EventRounds "7"]
[EventType "team-swiss"]
[EventDate "2016.12.26"]

1.e4 e5 2.Nf3 Nc6 3.Bc4 Bc5 4.c3 Nf6 5.d4 exd4 6.cxd4 Bb4+ 7.Nc3 Nxe4 8. O-O
Bxc3 9.bxc3 d5 10.Re1 Bf5 11.Bd3 O-O 12.Qc2 Re8 13.Bf4 Bg6 14.Rab1 Rb8 15.Re2
a6 16.Rbe1 Qd7 17.Nh4 Nf6 18.Nxg6 fxg6 19.Be5 Rf8 20.f4 Ne8 21.Qb1 Nd6 22.Bxd6
Qxd6 23.f5 gxf5 24.Bxf5 h6 25.Qd3 Qf6 26.Rf1 Qg5 27.Ref2 Rf6 28.Rf3 Rbf8 29.Rg3
Qh5 30.Bh7+ Kh8 31.Rxf6 Rxf6 32.Bg6 Qh4 33.Qe3 Rf8 34. Rf3 Qd8 35.Rh3 Rf6
36.Bc2 Qf8 37.Qd3 Qg8 38.Qg3 Qf7 39.Qd3 g5 40.Rg3 Ne7 41.h4 gxh4 42.Rg4 h3
43.Qxh3 Qe6 44.Qg3 c6 45.Qb8+ Qc8 46.Qg3 Qe6 47.Qb8+ Qc8 48.Qg3 Qe6 1/2-1/2

[Event "DVM U20 2016"]
[Site "Borken-Gemen GER"]
[Date "2016.12.29"]
[Round "6"]
[White "Pixa, Richard"]
[Black "Holtel, Jasper"]
[Result "1/2-1/2"]
[Termination "normal"]
[Board "7.1"]
[BlackTitle "FM"]
[WhiteElo "2080"]
[BlackElo "2236"]
[WhiteTeam "SV Mattnetz Berlin"]
[BlackTeam "SK Münster"]
[PlyCount "154"]
[WhiteFideId "4626095"]
[BlackFideId "12956376"]
[EventCountry "GER"]
[EventRounds "7"]
[EventType "team-swiss"]
[EventDate "2016.12.26"]

1.e4 c5 2.Nf3 d6 3.d4 cxd4 4.Qxd4 Nf6 5.e5 Nc6 6.Bb5 Qa5+ 7.Nc3 Qxb5 8. Nxb5
Nxd4 9.Nfxd4 dxe5 10.Nc7+ Kd7 11.Nxa8 exd4 12.Bf4 e5 13.Bxe5 Bd6 14. Bxd6 Kxd6
15.O-O-O Be6 16.Nb6 axb6 17.Rxd4+ Kc7 18.Rhd1 Ra8 19.a3 Ra5 20. f3 h5 21.R1d3
Rg5 22.g3 Rf5 23.Kd2 Bd5 24.Ke2 Bc6 25.h4 Rc5 26.Kd2 Rf5 27. Ke2 Rc5 28.Kd2 Nd7
29.f4 Nf6 30.Re3 Rf5 31.Re7+ Kc8 32.c4 Bd7 33.Re1 Ra5 34.Kc3 Be6 35.Ra1 Kc7
36.a4 Ra8 37.b4 Bd7 38.a5 bxa5 39.Rxa5 Rxa5 40.bxa5 Bc6 41.Rd3 Ne4+ 42.Kb4 Nd6
43.Kc5 Ne4+ 44.Kb4 g6 45.Ka3 Nc5 46.Rd4 Bd7 47. Kb4 Kc6 48.Rd5 Ne4 49.Rd3 Be6
50.Re3 Nd6 51.Rd3 Ne8 52.Re3 Nd6 53.Rd3 Ne4 54.Re3 Nc5 55.Re2 Bf5 56.Re3 Be4
57.Ra3 Na6+ 58.Kc3 Kc5 59.Rb3 Bc6 60.Rb1 Nc7 61.Re1 Kd6 62.Kb4 Bd7 63.Rd1+ Kc6
64.Re1 Be6 65.Re5 Na6+ 66.Kc3 Nc5 67.Re3 Nd7 68.Kb4 Bf5 69.Ra3 Nc5 70.Kc3 Be4
71.Kd4 Kd6 72.Ke3 Bc6 73.Kd4 Ne6+ 74.Kc3 Nc5 75.Kd4 Bh1 76.Re3 Bg2 77.Re5 Ne6+
1/2-1/2

[Event "DVM U20 2016"]
[Site "Borken-Gemen GER"]
[Date "2016.12.29"]
[Round "6"]
[White "Austrup, David"]
[Black "Doering, Andre Patrick"]
[Result "1-0"]
[Termination "normal"]
[Board "7.2"]
[WhiteElo "1967"]
[BlackElo "1806"]
[WhiteTeam "SK Münster"]
[BlackTeam "SV Mattnetz Berlin"]
[PlyCount "49"]
[WhiteFideId "12996890"]
[BlackFideId "4697480"]
[EventCountry "GER"]
[EventRounds "7"]
[EventType "team-swiss"]
[EventDate "2016.12.26"]

1.e4 d5 2.exd5 Qxd5 3.Nc3 Qd6 4.d4 Nf6 5.Nf3 a6 6.h3 Bf5 7.Bc4 e6 8.O-O Be7
9.Ne2 Nbd7 10.a4 O-O 11.c3 Qc6 12.Bd3 Bxd3 13.Qxd3 b5 14.axb5 axb5 15. Rxa8
Rxa8 16.Ne5 Nxe5 17.dxe5 Nd7 18.Nd4 Qc4 19.Qf3 Rf8 20.Nc6 Bc5 21.Rd1 Nb6 22.Na5
Qa4 23.b4 Be7 24.Nc6 Nd5 25.Rxd5 1-0

[Event "DVM U20 2016"]
[Site "Borken-Gemen GER"]
[Date "2016.12.29"]
[Round "6"]
[White "Bui, Bao Anh Le"]
[Black "Haberkamp, Carl"]
[Result "0-1"]
[Termination "normal"]
[Board "7.3"]
[WhiteElo "1763"]
[BlackElo "1919"]
[WhiteTeam "SV Mattnetz Berlin"]
[BlackTeam "SK Münster"]
[PlyCount "108"]
[WhiteFideId "12970719"]
[BlackFideId "12959766"]
[EventCountry "GER"]
[EventRounds "7"]
[EventType "team-swiss"]
[EventDate "2016.12.26"]

1.e4 c6 2.d4 d5 3.Nc3 dxe4 4.Nxe4 Bf5 5.Ng3 Bg6 6.f4 e6 7.Nf3 Nf6 8.Bc4 Be7
9.O-O Nbd7 10.Qe2 O-O 11.f5 exf5 12.Nh4 Re8 13.Nhxf5 Bf8 14.Qf3 b5 15. Bd3 Qb6
16.Bg5 Ne5 17.Qd1 Nxd3 18.Qxd3 c5 19.Bxf6 gxf6 20.dxc5 Bxc5+ 21. Kh1 Rad8
22.Qf3 Bf8 23.Ne4 Re6 24.Rae1 Qc6 25.Nfg3 Bg7 26.c3 Kh8 27.Nf2 Qxf3 28.gxf3 Kg8
29.Rd1 Red6 30.Nge4 Bxe4 31.fxe4 Rd2 32.Kg2 Kf8 33.Kf3 Ke7 34.Rxd2 Rxd2 35.Rg1
Bf8 36.Rb1 Ke6 37.a3 Bc5 38.Ng4 h5 39.Ne3 Rxh2 40. Ng2 Rh3+ 41.Ke2 Ke5 42.Rf1
Rg3 43.Rf5+ Kxe4 44.Rxc5 Rxg2+ 45.Kf1 Rxb2 46. Rxh5 Rb3 47.Ke2 f5 48.Rh4+ f4
49.Rh5 f5 50.Rh8 f3+ 51.Kf2 Rxc3 52.Rh4+ f4 53.Rh8 Rc2+ 54.Kf1 f2 0-1

[Event "DVM U20 2016"]
[Site "Borken-Gemen GER"]
[Date "2016.12.29"]
[Round "6"]
[White "Baumann, Eva"]
[Black "Klodt, Daniel"]
[Result "1/2-1/2"]
[Termination "normal"]
[Board "7.4"]
[WhiteElo "1620"]
[BlackElo "1741"]
[WhiteTeam "SK Münster"]
[BlackTeam "SV Mattnetz Berlin"]
[PlyCount "66"]
[WhiteFideId "12998788"]
[BlackFideId "12938068"]
[EventCountry "GER"]
[EventRounds "7"]
[EventType "team-swiss"]
[EventDate "2016.12.26"]

1.e4 e6 2.d4 d5 3.Nc3 Bb4 4.exd5 exd5 5.Nf3 Nf6 6.h3 O-O 7.Be2 h6 8.O-O Bf5
9.Bd2 c6 10.a3 Bd6 11.Na2 Re8 12.Re1 Nbd7 13.Nb4 Ne4 14.Nd3 Qc7 15.Bb4 Rad8
16.Bxd6 Qxd6 17.Rc1 Bh7 18.Nde5 Qf6 19.Nxd7 Rxd7 20.Bd3 Rde7 21.Rf1 Rd8 22.c3
Nd6 23.Bxh7+ Kxh7 24.Qd3+ Qf5 25.Qxf5+ Nxf5 26.Rfe1 Rde8 27.Kf1 Kg8 28.Rxe7
Rxe7 29.Re1 Kf8 30.b3 Nd6 31.a4 f6 32.Rxe7 Kxe7 33.Ke2 Ke6 1/2-1/2